[Event "COL-ch sf3 U16"]
[Site "Moniquira"]
[Date "2019.05.25"]
[Round "4.11"]
[White "Reyna Rojas, Diego Esteban"]
[Black "Gomez Gonzalez, Juan Esteban"]
[Result "1-0"]
[WhiteElo "1505"]
[BlackElo "1548"]
[PlyCount "45"]
[EventDate "2019.05.23"]
[EventType "swiss"]
[EventRounds "6"]
[EventCountry "COL"]
[SourceTitle "EXT 2024"]
[Source "ChessBase"]
[SourceDate "2023.10.10"]
[SourceVersion "1"]
[SourceVersionDate "2023.10.10"]
[SourceQuality "1"]

1. e4 e5 2. Nf3 Nf6 3. Nxe5 d6 4. Nf3 Nxe4 5. d4 d5 6. Bd3 Bd6 7. Qe2 0-0 8. 0-0 Re8 9. Re1 Bf5 10. Bg5 Qd7 11. Nc3 c6 12. Nh4 h6 13. Nxf5 Qxf5 14. f3 Qxg5 15. fxe4 Bb4 16. Qf3 Bxc3 17. bxc3 dxe4 18. Rab1 Nd7 19. Rxe4 Rxe4 20. Qxe4 Nf6 21. Qf3 Qa5 22. Rxb7 Qxc3 23. Bh7+ 1-0

[Event "COL-ch sf3 U16"]
[Site "Moniquira"]
[Date "2019.05.24"]
[Round "3.9"]
[White "Ortega Lopez, Mateo"]
[Black "Reyna Rojas, Diego Esteban"]
[Result "1-0"]
[WhiteElo "1125"]
[BlackElo "1505"]
[PlyCount "111"]
[EventDate "2019.05.23"]
[EventType "swiss"]
[EventRounds "6"]
[EventCountry "COL"]
[SourceTitle "EXT 2024"]
[Source "ChessBase"]
[SourceDate "2023.10.10"]
[SourceVersion "1"]
[SourceVersionDate "2023.10.10"]
[SourceQuality "1"]

1. Nf3 Nc6 2. c4 d5 3. cxd5 Qxd5 4. Nc3 Qd8 5. e4 e5 6. Bb5 Bg4 7. h3 Bxf3 8. Qxf3 a6 9. Bc4 Nf6 10. 0-0 Bc5 11. d3 h6 12. Qg3 g5 13. a3 Qe7 14. b4 Bd4 15. Bd2 0-0-0 16. Rab1 b5 17. Bb3 Nh5 18. Qg4+ f5 19. Qxh5 Bxc3 20. Bxc3 Rxd3 21. Rfc1 fxe4 22. Qg4+ Kb7 23. Qxe4 Rd6 24. Bd5 Rhd8 25. Bxc6+ Rxc6 26. Bxe5 Qe6 27. Rc2 Rd5 28. Rxc6 Qxc6 29. Qe3 Qc2 30. Rc1 Rd1+ 31. Rxd1 Qxd1+ 32. Kh2 Qd5 33. Bg7 h5 34. Qg3 Qf5 35. Be5 g4 36. hxg4 hxg4 37. Qf4 Qh7+ 38. Kg3 Qd3+ 39. Qe3 Qc4 40. Bf4 Qc6 41. Qe5 Qd7 42. Qxc7+ Qxc7 43. Bxc7 Kxc7 44. Kxg4 Kd7 45. f4 Ke7 46. Kf5 Kf7 47. g4 Kg7 48. Ke6 Kf8 49. g5 Ke8 50. g6 Kf8 51. f5 Kg8 52. f6 Kf8 53. g7+ Kg8 54. Ke7 Kh7 55. f7 Kxg7 56. f8Q+ 1-0

[Event "COL-ch sf3 U16"]
[Site "Moniquira"]
[Date "2019.05.23"]
[Round "1.17"]
[White "Campos Perilla, Felix Santiago"]
[Black "Reyna Rojas, Diego Esteban"]
[Result "1-0"]
[WhiteElo "1404"]
[BlackElo "1505"]
[PlyCount "39"]
[EventDate "2019.05.23"]
[EventType "swiss"]
[EventRounds "6"]
[EventCountry "COL"]
[SourceTitle "EXT 2024"]
[Source "ChessBase"]
[SourceDate "2023.10.10"]
[SourceVersion "1"]
[SourceVersionDate "2023.10.10"]
[SourceQuality "1"]

1. e4 e5 2. Nf3 Nc6 3. Bc4 Nf6 4. d3 Be7 5. Nc3 d6 6. h3 h6 7. Be3 0-0 8. Qd2 Re8 9. 0-0 Bf8 10. Kh1 Be6 11. Nd5 Be7 12. Ng1 Qd7 13. f4 Bxd5 14. exd5 Nd8 15. Nf3 e4 16. Nd4 c5 17. Bb5 Qc7 18. Bxe8 cxd4 19. Bxd4 Nxe8 20. dxe4 1-0

[Event "COL-ch Superate Intercol U14"]
[Site "Barranquilla"]
[Date "2018.11.19"]
[Round "2.9"]
[White "Reyna Rojas, Diego Esteban"]
[Black "Ferrer Argote, Daniel Jose"]
[Result "1/2-1/2"]
[WhiteElo "1618"]
[BlackElo "1500"]
[PlyCount "100"]
[EventDate "2018.11.19"]
[EventType "swiss"]
[EventRounds "7"]
[EventCountry "COL"]
[SourceTitle "EXT 2024"]
[Source "ChessBase"]
[SourceDate "2023.10.10"]
[SourceVersion "1"]
[SourceVersionDate "2023.10.10"]
[SourceQuality "1"]

1. e4 e5 2. Nf3 Nc6 3. Bb5 Nf6 4. 0-0 a6 5. Ba4 b5 6. Bb3 Na5 7. Nxe5 Nxb3 8. axb3 Bd6 9. Nf3 Bc5 10. h3 0-0 11. d3 h6 12. Bf4 Bb7 13. Re1 Nh5 14. Bd2 d6 15. b4 Bb6 16. Bc3 f5 17. Nd4 Nf4 18. g3 Qg5 19. h4 Qg6 20. exf5 Rxf5 21. Nxf5 Qxf5 22. Re4 Bxf2+ 23. Kxf2 Nxd3+ 24. Ke2 Bxe4 25. Qf1 Qg4+ 26. Kd2 Rf8 27. Qxf8+ Kxf8 28. cxd3 Bb7 29. Na3 Qxg3 30. Rf1+ Kg8 31. Re1 Qf2+ 32. Kd1 Kf7 33. Nc2 Qxh4 34. Ne3 g5 35. Rf1+ Kg6 36. Kc2 Qh2+ 37. Kd1 Qg3 38. Rf6+ Kh5 39. Rxh6+ Kxh6 40. Nf5+ Kg6 41. Nxg3 c5 42. bxc5 dxc5 43. Ke2 g4 44. Ke3 Bf3 45. Kf4 b4 46. Be5 Bd5 47. Kxg4 c4 48. dxc4 Bxc4 49. Kf4 a5 50. Ne4 a4 1/2-1/2